STN EN 12786: 2001 (01 1662), Bezpečnosť strojov. Pokyny na navrhovanie kapitol o kmitaní v bezpečnostných normách

Táto národná norma je identická s EN 12786: 1999

Bibliographic Details
Main Author: Bendis, Robert (Author)
Corporate Author: ŽIARAN & DS MECHANICS (Bratislava, Slovensko) (Translator)
Other Authors: Žiaran, Stanislav, 1948- (Translator)
Format: Book
Language:Slovak
English
PhysicalDescription:12 s. 30 cm
Published: Bratislava Slovenský ústav technickej normalizácie 2001
Subjects:

MARC

LEADER 00000nam a2200000 a 4500
001 vtls008944250
003 SK-MaSNL
005 20260302075625.0
008 130117s2001 xo f u 000 0 slo
015 |a SNBN2014 
020 |c (cen. skup. 10) 
040 |a SNK  |b slo  |c SNK  |e AACR2 
041 1 |a slo  |h eng 
044 |a xo  |c SK 
046 |a s  |m 200112 (účin.) 
072 7 |a 62  |x Technika všeobecne  |2 konspekt 
072 7 |a 534  |x Mechanické kmity. Akustika  |2 konspekt 
072 7 |a 331  |x Práca  |2 konspekt 
080 |a 62-1/-9  |2 2001 
080 |a (437.6)  |2 2001 
080 |a (4)  |2 2001 
080 |a (083)  |2 2001 
080 |a 006.88  |2 2001 
080 |a 534.01  |2 2001 
080 |a 331.45  |2 2001 
084 |a 01.120  |2 ICS 
084 |a 13.110  |2 ICS 
084 |a 17.160  |2 ICS 
130 0 |a STN 01 1662 (STN EN 12786)  |9 742723 
245 1 0 |a STN EN 12786: 2001 (01 1662), Bezpečnosť strojov. Pokyny na navrhovanie kapitol o kmitaní v bezpečnostných normách 
246 1 0 |a Bezpečnosť strojov 
246 1 0 |a Pokyny na navrhovanie kapitol o kmitaní v bezpečnostných normách 
260 |a Bratislava  |b Slovenský ústav technickej normalizácie  |c 2001 
300 |a 12 s.  |c 30 cm 
500 |a Súbežný názov v angličtine, francúzštine, nemčine 
500 |a Spracovateľ: ŽIARAN & DS MECHANICS, Stanislav Žiaran ; SÚTN Bratislava, Robert Bendis 
504 |a Citované normy, súvisiace právne predpisy a súvisiace normy s. 2 
520 8 |a Táto národná norma je identická s EN 12786: 1999 
540 |a STN vydané na akomkoľvek nosiči sa môžu rozmnožovať a rozširovať iba so súhlasom určenej právnickej osoby  |b SÚTN Bratislava  |c zákon 264/1999 Z.z. 
650 0 7 |a stroje  |2 SNKPH  |9 3551 
650 0 7 |a technické normy a štandardy  |z krajiny Európskej únie  |2 SNKPH  |9 289341 
650 0 7 |a technické normy a štandardy  |z Slovensko  |2 SNKPH  |9 79594 
650 0 7 |a kmitanie  |2 SNKPH  |9 3700 
650 0 7 |a Machines  |2 SNKPHeng  |9 268704 
650 0 7 |a Oscillations  |2 SNKPHeng  |9 291778 
650 0 7 |a bezpečnosť práce  |2 SNKPH  |9 1296 
650 0 7 |a Occupational safety  |2 SNKPHeng  |9 287472 
655 7 |a bezpečnostné normy  |2 SNKPH  |9 543366 
655 7 |a normy  |2 SNKPH  |9 70643 
700 1 |a Žiaran, Stanislav,  |d 1948-  |4 trl  |9 219147 
700 1 |a Bendis, Robert  |4 aut  |9 323391 
710 2 |a ŽIARAN & DS MECHANICS (Bratislava, Slovensko)  |4 trl  |9 321807 
710 2 |a Slovenský ústav technickej normalizácie (Bratislava, Slovensko).  |b Technická normalizačná komisia č. 21 Akustika a vibrácie  |4 stn  |9 314294 
958 |a OP 
958 |a NB 
999 |c 1169949  |d 1171879 
952 |a SNK  |b SNK  |y PREZ  |7 0  |p 17A0538969  |o snkSTN EN 12786  |i snk2007/3795  |8 0  |0 0  |1 0  |4 0  |d 2007-02-09  |l 0  |r 2026-02-24 21:00:53  |w 2026-02-24 
952 |a SNK  |b SNK  |y PREZ  |7 0  |p 17A0538968  |o snkSTN EN 12786 D1  |i snk2007/3797  |8 0  |0 0  |1 0  |4 0  |d 2007-02-09  |l 0  |r 2026-02-24 21:00:53  |w 2026-02-24